Research design explained / (Record no. 2035)
[ view plain ]
| 000 -LEADER | |
|---|---|
| fixed length control field | 01671nac a22002531u 4500 |
| 090 ## - LOCALLY ASSIGNED LC-TYPE CALL NUMBER (OCLC); LOCAL CALL NUMBER (OCLC) | |
| -- | 2035 |
| 008 - FIXED-LENGTH DATA ELEMENTS--GENERAL INFORMATION | |
| fixed length control field | 081028t2007 xxu||||| |||| 00| 0 eng d |
| 010 ## - LIBRARY OF CONGRESS CONTROL NUMBER | |
| LC control number | 2006924110 |
| 020 ## - INTERNATIONAL STANDARD BOOK NUMBER | |
| International Standard Book Number | 0495092231 (hbk.) - 0495093629 |
| 035 ## - SYSTEM CONTROL NUMBER | |
| System control number | (OCoLC)ocm70688697 |
| 082 ## - DEWEY DECIMAL CLASSIFICATION NUMBER | |
| Classification number | 001.4 219 |
| Item number | M6921 |
| 100 ## - MAIN ENTRY--PERSONAL NAME | |
| Personal name | Mitchell, Mark L. |
| 245 10 - TITLE STATEMENT | |
| Title | Research design explained / |
| Statement of responsibility, etc | Mark L. Mitchell, Janina M. Jolley. |
| 250 ## - EDITION STATEMENT | |
| Edition statement | 6th ed. |
| 260 ## - PUBLICATION, DISTRIBUTION, ETC. (IMPRINT) | |
| Place of publication, distribution, etc | Belmont, CA : |
| Name of publisher, distributor, etc | Thomson Wadsworth,2007 |
| Date of publication, distribution, etc | 2007. |
| 300 ## - PHYSICAL DESCRIPTION | |
| Extent | xxiv, 611 p. : |
| Other physical details | ill. (some col.) ; |
| Dimensions | 24 cm. |
| 504 ## - BIBLIOGRAPHY, ETC. NOTE | |
| Bibliography, etc | Includes bibliographical references (p. 600-606) and index. |
| 505 0# - FORMATTED CONTENTS NOTE | |
| Formatted contents note | Science, psychology, and you -- Ethics and validity -- Generating and refining research hypotheses -- Reading and evaluating research -- Measuring and manipulating variables : reliability and validity -- Beyond reliability and validity : the best measure for your study -- Introduction to descriptive methods and correlational research -- Survey research -- Internal validity -- The simple experiment -- Expanding the simple experiment : the multiple-group experiment -- Expanding the experiment : factorial designs -- Matched pairs, within-subjects, and mixed designs -- Single-n designs and quasi-experiments -- Putting it all together : writing research proposals and reports. |
| 650 #0 - SUBJECT ADDED ENTRY--TOPICAL TERM | |
| Topical term or geographic name as entry element | Psychology |
| General subdivision | Research |
| -- | Methodology. |
| 650 #0 - SUBJECT ADDED ENTRY--TOPICAL TERM | |
| Topical term or geographic name as entry element | Psychology, Experimental |
| General subdivision | Research |
| -- | Methodology. |
| 700 1# - ADDED ENTRY--PERSONAL NAME | |
| Personal name | Jolley, Janina M. |
| 942 ## - ADDED ENTRY ELEMENTS (KOHA) | |
| Item type | Book - Borrowing |
| Call number prefix | 001.4 219M6921 |
| Source of classification or shelving scheme | Dewey Decimal Classification |
| Withdrawn status | Item status | Damaged status | Not for loan | Home library | Current library | Shelving location | Date acquired | Source of acquisition | Total Checkouts | Total Renewals | Full call number | Barcode | Checked out | Date last seen | Date last borrowed | Cost, replacement price | Koha item type |
|---|---|---|---|---|---|---|---|---|---|---|---|---|---|---|---|---|---|
| Central Library | Central Library | Lower Floor | 07/02/2007 | Purchase | 5 | 4 | 001.4219 MIT | 000002290 | 01/10/2024 | 25/05/2024 | 25/05/2024 | 253.00 | Book - Borrowing |